000 00697cam a22002293a 4500
001 22578
003 PGUSA
005 20140828083459.0
008 070911s2007||||xxu|||||s|||||000 | eng d
040 _aPGUSA
_beng
042 _adc
050 4 _aL
100 1 _aWiggin, Kate Douglas Smith,
_d1856-1923
245 1 4 _aThe Girl and the Kingdom :
_bLearning to Teach
_h[electronic resource] /
_cKate Douglas Smith Wiggin
260 _bProject Gutenberg,
_c2007
506 _aPublic domain in the USA.
516 _aElectronic text
653 _aKindergarten -- California -- San Francisco
830 0 _aProject Gutenberg
_v22578
856 4 0 _uhttp://www.gutenberg.org/ebooks/22578
942 _cEB
999 _c251833
_d251833